Open Data Biblioteca Nacional de Portugal


República Portuguesa: Ministério da Cultura
Biblioteca Nacional de Portugal

Catálogo da BNP: acesso por Identificadores Unívocos
Registos Bibliográficos associados ao registo de autoridade

Etiqueta de registo: 00254nam 2200025 450
001 2284527
003 http://id.bnportugal.gov.pt/bib/catbnp/2284527
100 ## $a20260416d2026 k y0pory01030103ba
101 0# $aeng$dpor
102 ## $aPT
105 ## $aa m 000yy
106 ## $ar
200 1# $a A holistic approach to greenhouse gases and ammonia emissions for the sustainability of dairy cattle production$fAna Raquel Ferreira Rodrigues Alves$gorient. José Luís da Silva Pereira, Henrique Manuel da Fonseca Trindade, António José Mira da Fonseca
210 #9 $aPorto$c[s.n.],$d2026
215 ## $aXXXII, 162 p.$cil.$d30 cm
328 #1 $aTese dout. Ciência Aninal (Nutrição), Instituto de Ciências Biomédicas de Abel Salazar, Universidade do Porto, 2026
700 #1 $aAlves,$bAna Raquel Ferreira Rodrigues$31995906
702 #1 $aPereira,$bJosé Luís da Silva$4727$3974738
702 #1 $aTrindade,$bHenrique,$f1961-$4727$360485
702 #1 $aFonseca,$bAntónio José Mira da$4727$3814280
801 #0 $aPT$bBN$gRPC
966 ## $lBN$mFGMON$x1
971 ## $cisantos$d20260416

OpendataBNP@bnportugal.pt | Mais informação sobre acesso aos dados BNP